000
00292nam a2200121Ia 4500
008
190216s9999||||xx |||||||||||||| ||und||
100
_a
Mathur S B And Agarwal R S
245
0
_a
Matric Spaces
260
_b
Pragathi Prakashan
_c
1971
300
_a
180p
650
_a
Mathematics
942
_c
BK
999
_c
30766
_d
30766